000 00552nam a22001697a 4500
005 20250213005657.0
008 250213b |||||||| |||| 00| 0 eng d
020 _a8170131405
082 _222
_a954.93
_bCEY
100 _aSilva, DE R. Colvin
245 _aCeylon under the British Occupation
_b1795-1833
250 _a3rd
260 _aNew Delhi
_bNavarang
_c1953
300 _axi, 341 p ., ( V - 1)
500 _aThis book is an attempt to present a reasonably detailed and accurate account of the early period of British rule in Ceylon.
942 _cL
999 _c5976
_d5976